000 00526nam a2200169Ia 4500
003 GCL
008 140319s9999 xx 000 0 ara d
040 _aGCL /
_cGCL
082 0 4 _a001.6425
_bع ا
100 1 _aعبداللطيف ابوالسعود
245 1 0 _aالانترنت /
_cعبداللطيف ابوالسعود
490 _aسلسلة مكتبة الاسرة
_v0
650 0 4 _aالحاسبات الالكترونية
650 0 4 _aشبكات المعلومات
650 0 4 _aالإنترنت
942 _2ddc
_cBK
999 _c50188
_d50188